| 000 | 00728nam a2200253Ia 4500 | ||
|---|---|---|---|
| 003 | OSt | ||
| 005 | 20241129111348.0 | ||
| 008 | 210716s1995 xx 000 0 und d | ||
| 020 | _a8170295041 | ||
| 040 | _cAIMIT LIBRARY | ||
| 041 | _aeng | ||
| 082 |
_a005.74 _bLALV |
||
| 100 |
_aLal, Vipul. _9187203 |
||
| 245 |
_aDatabase management using c / _cBy Lal, Vipul. |
||
| 250 | _a1st ed. | ||
| 260 |
_aNew Delhi : _bBPB Publications , _c1995. |
||
| 300 |
_axii,260 p.; _bPB _c24 cm. |
||
| 650 |
_aHandling critical errors _9187204 |
||
| 650 |
_aExtend print functions _9187205 |
||
| 650 |
_aIndexing databases _9187206 |
||
| 650 |
_aLinked lists _9187207 |
||
| 650 |
_aFile manager _9187208 |
||
| 942 |
_2ddc _cBK _k005.74 LALV |
||
| 999 |
_c183184 _d183184 |
||